[Event "zonal 3.3 (w)"]
[Site "Yongchuan CHN"]
[Date "2003.07.11"]
[Round "1"]
[White "Gu Xiaobing"]
[Black "Ruan Lufei"]
[Result "0-1"]
[WhiteElo "2346"]
[BlackElo "2307"]
[EventDate "2003.07.11"]
[PlyCount "96"]

1.c4 e5 2.Nc3 Nf6 3.g3 d5 4.cxd5 Nxd5 5.Bg2 Nb6 6.d3 Be7 7.Nf3 Nc6 8.a3 
O-O 9.b4 a5 10.b5 Nd4 11.Nd2 f5 12.Bb2 Bf6 13.e3 Ne6 14.Nf3 Nc5 15.d4 exd4
16.Nxd4 Bxd4 17.exd4 Qe8+ 18.Kf1 Ne4 19.Qd3 Be6 20.d5 Rd8 21.Nxe4 fxe4 22.
Qc3 Qf7 23.Qxg7+ Qxg7 24.Bxg7 Kxg7 25.dxe6 Rd2 26.Bxe4 Rfxf2+ 27.Kg1 Nc4 
28.Re1 Kf6 29.Bxb7 Ke7 30.a4 Nb2 31.Rf1 Rxf1+ 32.Kxf1 Nxa4 33.Ke1 Rb2 34.
Rf1 Rb1+ 35.Kf2 Rxb5 36.Be4 h6 37.Rc1 Rc5 38.Re1 Re5 39.Bc6 Rxe1 40.Kxe1 
Nb6 41.Kd2 Kxe6 42.Kd3 Kd6 43.Be8 c5 44.g4 Ke5 45.h4 Kf4 46.g5 hxg5 47.h5 
Ke5 48.h6 Kf6 0-1

[Event "zonal 3.3 (w)"]
[Site "Yongchuan CHN"]
[Date "2003.07.11"]
[Round "1"]
[White "Shen Yang"]
[Black "Li Ruofan"]
[Result "1-0"]
[WhiteElo "2113"]
[BlackElo "2433"]
[EventDate "2003.07.11"]
[PlyCount "121"]

1.e4 c5 2.Nf3 e6 3.d4 cxd4 4.Nxd4 a6 5.Bd3 Bc5 6.Nb3 Ba7 7.O-O Nc6 8.Qe2 
d6 9.Be3 e5 10.c4 Bxe3 11.fxe3 Nf6 12.Nc3 Be6 13.h3 O-O 14.Rad1 Na5 15.
Nxa5 Qxa5 16.Rxf6 gxf6 17.Nd5 Bxd5 18.exd5 f5 19.Bxf5 f6 20.Rf1 Qc7 21.Qh5
Kh8 22.Qh4 b6 23.Rf3 Qe7 24.b3 Ra7 25.Be4 b5 26.Rf5 bxc4 27.bxc4 Rc7 28.
Rh5 Rf7 29.Bf5 Qd8 30.Rh6 Rg7 31.Qe4 Rcf7 32.Be6 Rf8 33.Bf5 Qe7 34.Qh4 Qa7
35.Kh2 Qe7 36.g4 e4 37.Kg2 Rb8 38.Qxf6 Qxf6 39.Rxf6 Rb2+ 40.Kg3 Rxa2 41.
Rxd6 a5 42.Ra6 a4 43.d6 a3 44.d7 Rg8 45.Bxe4 Rd2 46.Bf5 a2 47.c5 Kg7 48.c6
Rd6 49.Ra7 a1=Q 50.Rxa1 Rxc6 51.Ra4 h6 52.Kf4 Rd6 53.Rc4 Kf7 54.Rc8 Rf8 
55.Ke5 Rd2 56.Rc6 Rh8 57.Rd6 Rxd6 58.Kxd6 Ra8 59.e4 Ra6+ 60.Kc7 Ra7+ 61.
Kb8 1-0

[Event "zonal 3.3 (w)"]
[Site "Yongchuan CHN"]
[Date "2003.07.11"]
[Round "1"]
[White "Wang Yu"]
[Black "Huang Qian"]
[Result "1-0"]
[WhiteElo "2357"]
[BlackElo "2313"]
[EventDate "2003.07.11"]
[PlyCount "97"]

1.e4 e6 2.d4 d5 3.Nd2 c5 4.exd5 Qxd5 5.Ngf3 cxd4 6.Bc4 Qd6 7.Qe2 Nf6 8.Nb3
Nc6 9.Bg5 Qb4+ 10.Bd2 Qb6 11.O-O-O Bd7 12.Bg5 Bc5 13.Kb1 O-O-O 14.Ne5 Nxe5
15.Qxe5 Bd6 16.Qe2 h6 17.Bd2 Bb4 18.Bxb4 Qxb4 19.Nxd4 Qb6 20.f4 Bc6 21.
Nxc6 Qxc6 22.f5 exf5 23.Bxf7 Ne4 24.Rhf1 g6 25.c4 Qb6 26.Qc2 Kb8 27.Bd5 
Nf6 28.Bf3 Qc7 29.h3 Rhe8 30.Rxd8+ Rxd8 31.c5 Rc8 32.Rc1 Qe5 33.Qc3 Qxc3 
34.Rxc3 g5 35.b4 g4 36.hxg4 fxg4 37.Be2 Re8 38.Bb5 Re1+ 39.Rc1 Rxc1+ 40.
Kxc1 Nd5 41.a3 Ne3 42.g3 h5 43.Bd3 Ng2 44.Kd2 h4 45.Be4 h3 46.Ke2 Kc7 47.
Kf2 b6 48.Bf5 bxc5 49.bxc5 1-0

[Event "zonal 3.3 (w)"]
[Site "Yongchuan CHN"]
[Date "2003.07.11"]
[Round "1"]
[White "Zhao Xue"]
[Black "Xu Yuanyuan"]
[Result "1-0"]
[WhiteElo "2467"]
[BlackElo "2347"]
[EventDate "2003.07.11"]
[PlyCount "63"]

1.Nf3 d5 2.d4 Nf6 3.c4 c6 4.Qc2 g6 5.Bf4 dxc4 6.Qxc4 Bg7 7.Nc3 Be6 8.Qd3 
Nd5 9.Bg3 Nb4 10.Qd2 c5 11.e3 N8c6 12.Bb5 cxd4 13.exd4 O-O 14.a3 Nd5 15.
O-O Na5 16.Rae1 Qb6 17.Bd7 Nc4 18.Qg5 Nxc3 19.Bxe6 Nxb2 20.Bh3 Bf6 21.Qh6 
Qb5 22.Be5 Ne2+ 23.Rxe2 Qxe2 24.Re1 Qxe1+ 25.Nxe1 Bxe5 26.dxe5 Rad8 27.Bg4
Nd3 28.Nf3 f6 29.exf6 exf6 30.h4 Rfe8 31.h5 g5 32.Qxf6 1-0

[Event "zonal 3.3 (w)"]
[Site "Yongchuan CHN"]
[Date "2003.07.12"]
[Round "2"]
[White "Huang Qian"]
[Black "Xu Yuanyuan"]
[Result "1/2-1/2"]
[WhiteElo "2313"]
[BlackElo "2347"]
[EventDate "2003.07.11"]
[PlyCount "84"]

1.d4 d5 2.Nf3 Nf6 3.c4 c6 4.e3 g6 5.Nc3 Bg7 6.Be2 O-O 7.O-O Ne4 8.cxd5 
cxd5 9.Bd2 Nc6 10.Qb3 Bg4 11.Be1 Nxc3 12.Bxc3 b6 13.h3 Bxf3 14.Bxf3 e6 15.
Rac1 Rc8 16.Rfd1 Rc7 17.Be2 Qc8 18.Qa4 a5 19.Bd2 Qb7 20.a3 Rfc8 21.b4 Bf8 
22.Ra1 Ra8 23.Qb5 Na7 24.Qd3 a4 25.Rdc1 Rac8 26.Rxc7 Rxc7 27.Bd1 b5 28.Be2
Qc8 29.e4 dxe4 30.Qxe4 Rc2 31.Rd1 Qc7 32.Bf1 Nc8 33.Bf4 Bd6 34.Bxd6 Nxd6 
35.Qe5 Qb6 36.Qf4 Nc4 37.Bxc4 Rxc4 38.Qf6 Qc7 39.Qg5 Qc6 40.Qd8+ Kg7 41.d5
exd5 42.Qxd5 Qxd5 1/2-1/2

[Event "zonal 3.3 (w)"]
[Site "Yongchuan CHN"]
[Date "2003.07.12"]
[Round "2"]
[White "Ruan Lufei"]
[Black "Shen Yang"]
[Result "1-0"]
[WhiteElo "2307"]
[BlackElo "2113"]
[EventDate "2003.07.11"]
[PlyCount "69"]

1.e4 e5 2.Nf3 Nc6 3.d4 exd4 4.Nxd4 Bc5 5.Nxc6 Qf6 6.Qd2 bxc6 7.Nc3 Ne7 8.
Bd3 Ng6 9.O-O O-O 10.Kh1 Ne5 11.Be2 d6 12.Na4 Bb6 13.f3 Ng6 14.Rb1 Qd4 15.
b3 Qxd2 16.Bxd2 f5 17.Bc4+ Kh8 18.Bc3 Ne5 19.Bxe5 dxe5 20.Rfe1 fxe4 21.
Rxe4 Bf5 22.Rxe5 Bxc2 23.Rbe1 Rad8 24.Nc5 Ba5 25.Ne6 Bxe1 26.Nxd8 Rxd8 27.
Rxe1 h5 28.Kg1 h4 29.Kf2 Bf5 30.Re5 Bg6 31.Ke3 Rd1 32.Kf4 h3 33.g4 Rg1 34.
Kg5 Kh7 35.f4 1-0

[Event "zonal 3.3 (w)"]
[Site "Yongchuan CHN"]
[Date "2003.07.12"]
[Round "2"]
[White "Zhang Jilin"]
[Black "Gu Xiaobing"]
[Result "0-1"]
[WhiteElo "2300"]
[BlackElo "2346"]
[EventDate "2003.07.11"]
[PlyCount "114"]

1.e4 c5 2.Nf3 d6 3.d4 cxd4 4.Nxd4 Nf6 5.Nc3 a6 6.Be3 e5 7.Nb3 Be6 8.f3 
Nbd7 9.Qd2 b5 10.a4 b4 11.Nd5 Bxd5 12.exd5 Nb6 13.Bxb6 Qxb6 14.a5 Qb7 15.
Bc4 Be7 16.Ra4 Rb8 17.Nc1 O-O 18.Na2 e4 19.Nxb4 exf3 20.gxf3 Qd7 21.b3 Qh3
22.Rf1 Nd7 23.Nc6 Rbe8 24.Kd1 h6 25.Nxe7+ Rxe7 26.Rb4 Ne5 27.Bxa6 Ra7 28.
Qe2 Rfa8 29.Rb6 Nd7 30.Rxd6 Nc5 31.Bc4 Rxa5 32.Kd2 Qh4 33.Kc3 Ra3 34.Rc6 
Na4+ 35.Kd2 Qf4+ 36.Qe3 Qxh2+ 37.Rf2 Qh4 38.Ra6 Rxa6 39.Bxa6 Qb4+ 40.c3 
Qb8 41.Bc4 Nb2 42.Qc5 Nxc4+ 43.bxc4 Qb2+ 44.Ke3 Qxc3+ 45.Kf4 Qc1+ 46.Kg3 
Qg1+ 47.Kf4 Qg5+ 48.Ke4 f5+ 49.Ke5 Re3+ 50.Kd6 Qg3+ 51.Kc6 Qxf2 52.d6 
Qxf3+ 53.Kc7 Qf4 54.Qd5+ Kh7 55.c5 Re5 56.Qc6 Qd4 57.Kb6 Rd5 0-1

[Event "zonal 3.3 (w)"]
[Site "Yongchuan CHN"]
[Date "2003.07.13"]
[Round "3"]
[White "Gu Xiaobing"]
[Black "Wang Yu"]
[Result "0-1"]
[WhiteElo "2346"]
[BlackElo "2357"]
[EventDate "2003.07.11"]
[PlyCount "130"]

1.c4 e5 2.Nc3 Nf6 3.Nf3 Nc6 4.e3 Bb4 5.Qc2 Bxc3 6.Qxc3 d6 7.d3 O-O 8.Be2 
Re8 9.O-O Bg4 10.b4 e4 11.dxe4 Nxe4 12.Qe1 Qf6 13.Rb1 Nc3 14.Bb2 Nxe2+ 15.
Qxe2 Ne5 16.Bxe5 dxe5 17.e4 Rad8 18.Rfd1 Rd4 19.Rxd4 exd4 20.Rd1 Rd8 21.h3
Bxf3 22.Qxf3 Qe6 23.Qd3 g6 24.a3 Kg7 25.c5 h5 26.Re1 Qe5 27.g3 Qe6 28.Kg2 
h4 29.gxh4 Qf6 30.h5 gxh5 31.e5 Qg6+ 32.Qxg6+ Kxg6 33.Kf3 Kf5 34.Ke2 Re8 
35.f4 Kxf4 36.Kd3 Re7 37.Kxd4 Rd7+ 38.Kc4 Kf5 39.b5 Ke6 40.Rg1 Kxe5 41.
Rg5+ Ke4 42.Rxh5 f5 43.Rh8 Re7 44.c6 bxc6 45.bxc6 f4 46.Kb5 Re5+ 47.Ka6 f3
48.Rd8 Rd5 49.Rf8 Rf5 50.Re8+ Kd5 51.Re1 Kxc6 52.Rf1 Rf4 53.Kxa7 Kb5 54.h4
c5 55.h5 Rf7+ 56.Kb8 c4 57.h6 c3 58.h7 Rxh7 59.Rxf3 Kc4 60.a4 c2 61.Rf1 
Rh5 62.Kb7 Ra5 63.Ra1 Kb3 64.Kb6 Rxa4 65.Rh1 Rd4 0-1

[Event "zonal 3.3 (w)"]
[Site "Yongchuan CHN"]
[Date "2003.07.13"]
[Round "3"]
[White "Shen Yang"]
[Black "Zhang Jilin"]
[Result "0-1"]
[WhiteElo "2113"]
[BlackElo "2300"]
[EventDate "2003.07.11"]
[PlyCount "70"]

1.e4 c5 2.Nf3 d6 3.d4 cxd4 4.Nxd4 Nf6 5.Nc3 a6 6.Be2 e5 7.Nb3 Be7 8.O-O 
O-O 9.Be3 Be6 10.Qd2 Nbd7 11.a4 Qc7 12.a5 Rac8 13.Rfd1 Rfe8 14.Qe1 h6 15.
h3 Bf8 16.Nc1 Qc6 17.Bf3 Qc7 18.Nd3 d5 19.exd5 Bf5 20.Be2 Bd6 21.Qd2 e4 
22.Nf4 Ne5 23.Ra4 Qd7 24.Raa1 g5 25.Nh5 Nxh5 26.Bxh5 Nc4 27.Qc1 Nxe3 28.
Qxe3 Bf4 29.Qb6 e3 30.Qxh6 exf2+ 31.Kh1 Re3 32.Bf3 Rce8 33.Rf1 Re1 34.Ne2 
R8xe2 35.Bxe2 Rxe2 0-1

[Event "zonal 3.3 (w)"]
[Site "Yongchuan CHN"]
[Date "2003.07.13"]
[Round "3"]
[White "Xu Yuanyuan"]
[Black "Li Ruofan"]
[Result "0-1"]
[WhiteElo "2347"]
[BlackElo "2433"]
[EventDate "2003.07.11"]
[PlyCount "88"]

1.Nf3 Nf6 2.d4 e6 3.g3 d5 4.Bg2 Be7 5.O-O O-O 6.b3 c5 7.Bb2 Nc6 8.Qc1 Qc7 
9.c4 Nxd4 10.Nxd4 cxd4 11.Bxd4 e5 12.Bb2 d4 13.e3 Rd8 14.Na3 Bxa3 15.Bxa3 
Bg4 16.exd4 exd4 17.Qd2 d3 18.f3 Bf5 19.Rfe1 a5 20.g4 Bg6 21.Be7 Rd7 22.
Bxf6 Qb6+ 23.Kh1 Qxf6 24.Qxa5 Rc8 25.Rad1 Rcd8 26.Rd2 h6 27.Qe5 Qh4 28.Qg3
Qf6 29.Qe5 Qh4 30.a4 h5 31.gxh5 f6 32.Qg3 Qxh5 33.Bh3 Rd4 34.Rg1 Kh7 35.
Be6 Qh6 36.Qf2 b6 37.Rg3 Rh4 38.Rg4 Rh5 39.Rg1 Re8 40.Bg4 Rhe5 41.Rg3 Re1+
42.Kg2 Qxd2 43.Qxd2 R1e2+ 44.Qxe2 dxe2 0-1

[Event "zonal 3.3 (w)"]
[Site "Yongchuan CHN"]
[Date "2003.07.13"]
[Round "3"]
[White "Zhao Xue"]
[Black "Ruan Lufei"]
[Result "1-0"]
[WhiteElo "2467"]
[BlackElo "2307"]
[EventDate "2003.07.11"]
[PlyCount "127"]

1.d4 d5 2.c4 c6 3.Nf3 Nf6 4.e3 Bf5 5.Nc3 e6 6.Nh4 Be4 7.f3 Bg6 8.Qb3 Qb6 
9.Nxg6 hxg6 10.Bd2 Bd6 11.O-O-O Qxb3 12.axb3 Nbd7 13.h3 O-O-O 14.cxd5 Nxd5
15.e4 N5b6 16.Kc2 Kb8 17.Be2 Bc7 18.Be3 Nf6 19.Bg5 Rd7 20.g4 Ng8 21.Be3 
Ne7 22.h4 f6 23.Rdg1 e5 24.dxe5 Bxe5 25.f4 Bd4 26.Bxd4 Rxd4 27.h5 Rhd8 28.
f5 g5 29.h6 gxh6 30.Rxh6 Nd7 31.Rh7 Nc8 32.Rd1 Rxd1 33.Bxd1 Nd6 34.Be2 Kc8
35.b4 a6 36.Re7 Rh8 37.Re6 Nf7 38.e5 Nfxe5 39.Ne4 Rh2 40.Kd1 Rh6 41.Kd2 
Kc7 42.Nxg5 Rh2 43.Ne4 Nc4+ 44.Ke1 Rh1+ 45.Kf2 Rh2+ 46.Ke1 Rh1+ 47.Bf1 
Nde5 48.Kf2 Nxg4+ 49.Kg2 Rh6 50.Bxc4 Ne3+ 51.Kg3 Nxc4 52.Nxf6 Rh1 53.Re7+ 
Kd6 54.Re6+ Kc7 55.Ne4 Rf1 56.f6 b5 57.Nf2 Nd6 58.f7 Nxf7 59.Re7+ Kb6 60.
Rxf7 a5 61.bxa5+ Kxa5 62.Rf5 Ka4 63.Rc5 Re1 64.Kf3 1-0

[Event "zonal 3.3 (w)"]
[Site "Yongchuan CHN"]
[Date "2003.07.14"]
[Round "4"]
[White "Huang Qian"]
[Black "Li Ruofan"]
[Result "1-0"]
[WhiteElo "2313"]
[BlackElo "2433"]
[EventDate "2003.07.11"]
[PlyCount "65"]

1.Nf3 Nf6 2.d4 e6 3.Bf4 c5 4.c3 cxd4 5.cxd4 Qb6 6.Qc2 Nc6 7.e3 Nb4 8.Qc1 
Nbd5 9.Bg3 Ne4 10.Bd3 Nxg3 11.hxg3 d6 12.Nc3 Nxc3 13.bxc3 Bd7 14.Rb1 Qc7 
15.Qb2 b6 16.c4 Be7 17.Rc1 Rc8 18.Ke2 f5 19.Nd2 e5 20.g4 O-O 21.c5 h6 22.
Qb3+ Kh8 23.c6 e4 24.Ba6 Be8 25.Bxc8 Qxc8 26.c7 f4 27.f3 exf3+ 28.gxf3 
fxe3 29.Qxe3 Bb5+ 30.Kf2 Rf7 31.g5 Ba6 32.g6 Rf8 33.Qxe7 1-0

[Event "zonal 3.3 (w)"]
[Site "Yongchuan CHN"]
[Date "2003.07.14"]
[Round "4"]
[White "Ruan Lufei"]
[Black "Xu Yuanyuan"]
[Result "0-1"]
[WhiteElo "2307"]
[BlackElo "2347"]
[EventDate "2003.07.11"]
[PlyCount "76"]

1.e4 c6 2.d4 d5 3.Nc3 dxe4 4.Nxe4 Bf5 5.Ng3 Bg6 6.h4 h6 7.Nf3 Nd7 8.h5 Bh7
9.Bd3 Bxd3 10.Qxd3 Ngf6 11.Bf4 e6 12.O-O-O Nd5 13.Bd2 Nb4 14.Qb3 a5 15.Ne4
a4 16.Qa3 Qb6 17.c4 Qa6 18.c5 Qc4+ 19.Bc3 Nxa2+ 20.Kb1 Nxc3+ 21.Nxc3 Be7 
22.Rhe1 O-O 23.Ne4 b6 24.Nfd2 Qa6 25.g4 bxc5 26.dxc5 Ne5 27.Re3 Rfd8 28.
Nd6 Nxg4 29.Rg3 Qe2 30.Rdg1 f5 31.N2e4 Rab8 32.Qa2 Kh7 33.Nc3 Qxf2 34.R3g2
Qxc5 35.Nf7 Qxc3 36.Nxd8 Qd3+ 37.Ka1 Bxd8 38.Qxe6 Bf6 0-1

[Event "zonal 3.3 (w)"]
[Site "Yongchuan CHN"]
[Date "2003.07.14"]
[Round "4"]
[White "Wang Yu"]
[Black "Shen Yang"]
[Result "1/2-1/2"]
[WhiteElo "2357"]
[BlackElo "2113"]
[EventDate "2003.07.11"]
[PlyCount "43"]

1.e4 e5 2.Nf3 Nc6 3.d4 exd4 4.Nxd4 Bb4+ 5.c3 Bc5 6.Be3 Bb6 7.Bc4 Nf6 8.
Nxc6 dxc6 9.Qe2 O-O 10.O-O Bxe3 11.Qxe3 Ng4 12.Qg3 Qd6 13.Na3 Qxg3 14.hxg3
Bd7 15.Rad1 Rad8 16.Rfe1 Bc8 17.Bb3 Ne5 18.f3 a6 19.Kf1 Rfe8 20.Ke2 Kf8 
21.Rxd8 Rxd8 22.Nc4 1/2-1/2

[Event "zonal 3.3 (w)"]
[Site "Yongchuan CHN"]
[Date "2003.07.14"]
[Round "4"]
[White "Zhang Jilin"]
[Black "Zhao Xue"]
[Result "1-0"]
[WhiteElo "2300"]
[BlackElo "2467"]
[EventDate "2003.07.11"]
[PlyCount "97"]

1.e4 c5 2.Nf3 d6 3.d4 cxd4 4.Nxd4 Nf6 5.Nc3 a6 6.Be3 e6 7.Be2 Be7 8.O-O 
O-O 9.f4 Nc6 10.Qe1 Nxd4 11.Bxd4 b5 12.a3 Bb7 13.Bf3 Qc7 14.Qg3 Rad8 15.
Rae1 Rfe8 16.Kh1 g6 17.f5 Qc4 18.Be3 Nd7 19.fxe6 fxe6 20.Qh3 Ne5 21.Be2 
Qc8 22.Bb6 Bg5 23.Bxd8 Qxd8 24.Qg3 Bc6 25.Qf2 Qc7 26.Qd4 Be7 27.a4 Rb8 28.
axb5 axb5 29.Ra1 b4 30.Ra7 Rb7 31.Ra8+ Rb8 32.Rxb8+ Qxb8 33.Nd1 Qb7 34.Bd3
b3 35.Ne3 bxc2 36.Bxc2 Qb8 37.Qc3 Bg5 38.Bb3 Qc8 39.Nc4 Nf7 40.Qd4 Qb8 41.
Qf2 Be8 42.Ba4 Be7 43.Bxe8 Qxe8 44.Qa7 Bf8 45.Qb7 Nd8 46.Qc7 Nf7 47.Nb6 
Ng5 48.Qc4 Qd8 49.h4 1-0

[Event "zonal 3.3 (w)"]
[Site "Yongchuan CHN"]
[Date "2003.07.16"]
[Round "5"]
[White "Xu Yuanyuan"]
[Black "Zhang Jilin"]
[Result "1-0"]
[WhiteElo "2347"]
[BlackElo "2300"]
[EventDate "2003.07.11"]
[PlyCount "53"]

1.d4 Nf6 2.c4 c5 3.d5 b5 4.cxb5 a6 5.bxa6 Bxa6 6.Nc3 d6 7.e4 Bxf1 8.Kxf1 
g6 9.g3 Bg7 10.Kg2 O-O 11.Nf3 Nbd7 12.h3 Qa5 13.Re1 Rfb8 14.e5 dxe5 15.
Nxe5 Nxe5 16.Rxe5 Qd8 17.Qf3 Ra7 18.Re2 Rd7 19.Bf4 Rbb7 20.Rd1 Ne8 21.Ne4 
Rxb2 22.Rxb2 Bxb2 23.Rb1 Rb7 24.Nxc5 Rb5 25.Na4 Qa5 26.Nxb2 Qxa2 27.Re1 
1-0

[Event "zonal 3.3 (w)"]
[Site "Yongchuan CHN"]
[Date "2003.07.16"]
[Round "5"]
[White "Zhao Xue"]
[Black "Wang Yu"]
[Result "0-1"]
[WhiteElo "2467"]
[BlackElo "2357"]
[EventDate "2003.07.11"]
[PlyCount "80"]

1.d4 d5 2.c4 c6 3.Nf3 Nf6 4.e3 a6 5.Nbd2 Bf5 6.Be2 h6 7.O-O e6 8.b4 Bxb4 
9.Qb3 Qe7 10.c5 Ba5 11.Bd3 Bxd3 12.Qxd3 Nbd7 13.Rb1 Rb8 14.e4 dxe4 15.Nxe4
Nxe4 16.Qxe4 Bc7 17.Rb3 O-O 18.Bd2 Rfe8 19.Rfb1 Nf6 20.Qc2 Nd5 21.g3 e5 
22.dxe5 Bxe5 23.Re1 Qc7 24.Qe4 Bf6 25.Qxe8+ Rxe8 26.Rxe8+ Kh7 27.Re1 Qd7 
28.Kg2 Ne7 29.Bf4 Nf5 30.Be5 Be7 31.Reb1 Bxc5 32.Rxb7 Qd5 33.R7b2 Bd4 34.
Rd2 c5 35.h4 g5 36.Rb8 g4 37.Rh8+ Kg6 38.Rg8+ Kh5 39.Rd3 f6 40.Bxf6 gxf3+ 
0-1

[Event "zonal 3.3 (w)"]
[Site "Yongchuan CHN"]
[Date "2003.07.17"]
[Round "6"]
[White "Huang Qian"]
[Black "Ruan Lufei"]
[Result "1/2-1/2"]
[WhiteElo "2313"]
[BlackElo "2307"]
[EventDate "2003.07.11"]
[PlyCount "64"]

1.d4 d5 2.Nf3 c6 3.e3 Bf5 4.c4 e6 5.Nc3 Nd7 6.Qb3 Qb6 7.Qxb6 axb6 8.Nh4 
Bg4 9.h3 Bh5 10.g4 Be7 11.cxd5 cxd5 12.Nb5 Rb8 13.Ng2 Bg6 14.Be2 Ngf6 15.
Nf4 O-O 16.f3 Rfc8 17.Bd2 Bc2 18.Kf2 h6 19.Rhc1 Bh7 20.Nd3 Ne8 21.a4 Nd6 
22.Nxd6 Bxd6 23.Bb4 Bxb4 24.Nxb4 Kf8 25.Ke1 Ke7 26.Kd2 Kd6 27.Na2 Nf6 28.
Nc3 Ke7 29.Ra3 Bg6 30.Rb3 Nd7 31.Bb5 Nf8 32.Be2 Nd7 1/2-1/2

[Event "zonal 3.3 (w)"]
[Site "Yongchuan CHN"]
[Date "2003.07.17"]
[Round "6"]
[White "Wang Yu"]
[Black "Xu Yuanyuan"]
[Result "0-1"]
[WhiteElo "2357"]
[BlackElo "2347"]
[EventDate "2003.07.11"]
[PlyCount "94"]

1.e4 c6 2.d4 d5 3.e5 Bf5 4.Nc3 e6 5.g4 Bg6 6.Nge2 Bb4 7.Bg2 Ne7 8.O-O h5 
9.g5 Nd7 10.Nf4 Nf8 11.a3 Ba5 12.Nce2 h4 13.Nxg6 Nfxg6 14.h3 Nf5 15.Nf4 
Bb6 16.c3 a5 17.a4 Qc7 18.Re1 Nxf4 19.Bxf4 g6 20.Bf3 Kf8 21.Bg4 c5 22.dxc5
Qxc5 23.Qd2 Qe7 24.Ra3 Rc8 25.Rb3 Bd8 26.Rb5 Rc5 27.Bxf5 gxf5 28.Be3 Rc4 
29.b3 Rc6 30.c4 d4 31.Qxd4 Kg7 32.Rd1 Kg6 33.f4 Qa3 34.Rxb7 Bc7 35.Qc3 Rd8
36.Rxd8 Bxd8 37.Qd4 Be7 38.Qd7 Rxc4 39.bxc4 Qxe3+ 40.Kg2 Qe2+ 41.Kh1 Qf1+ 
42.Kh2 Qxf4+ 43.Kg2 Qe4+ 44.Kf1 Qxc4+ 45.Kg2 Qe2+ 46.Kh1 Qf3+ 47.Kh2 Qg3+ 
0-1

[Event "zonal 3.3 (w)"]
[Site "Yongchuan CHN"]
[Date "2003.07.17"]
[Round "6"]
[White "Zhang Jilin"]
[Black "Li Ruofan"]
[Result "1/2-1/2"]
[WhiteElo "2300"]
[BlackElo "2433"]
[EventDate "2003.07.11"]
[PlyCount "115"]

1.e4 c5 2.Nf3 e6 3.d4 cxd4 4.Nxd4 a6 5.Nc3 b5 6.Bd3 Bc5 7.Nb3 Be7 8.O-O d6
9.a4 bxa4 10.Rxa4 Nf6 11.Bg5 O-O 12.Qe2 Ra7 13.f4 Ne8 14.Qe3 Rd7 15.Bxe7 
Rxe7 16.Qh3 Qb6+ 17.Kh1 Nc6 18.e5 f5 19.exf6 Nxf6 20.Ne4 Nxe4 21.Rxe4 g6 
22.Qe3 Qxe3 23.Rxe3 Ref7 24.g3 g5 25.Kg1 gxf4 26.Ref3 Ne5 27.Rxf4 Nxd3 28.
Rxf7 Rxf7 29.Rxf7 Kxf7 30.cxd3 e5 31.Kf2 Ke6 32.Nd2 d5 33.Nf3 Kf5 34.h3 e4
35.dxe4+ Kxe4 36.Ke2 h6 37.g4 Kf4 38.Kf2 Bd7 39.Nd4 Ke4 40.Nb3 Bc8 41.Ke2 
Kf4 42.Kf2 Bd7 43.Nc5 Bb5 44.b3 Ke5 45.Ke3 d4+ 46.Kd2 Kd5 47.Nd3 Ke4 48.
Nc5+ Kd5 49.Nd3 Ke4 50.Nc5+ Kd5 51.Nd3 a5 52.h4 Bd7 53.g5 hxg5 54.hxg5 a4 
55.bxa4 Bxa4 56.g6 Ke6 57.Nc5+ Kf6 58.Nxa4 1/2-1/2

[Event "zonal 3.3 (w)"]
[Site "Yongchuan CHN"]
[Date "2003.07.18"]
[Round "7"]
[White "Li Ruofan"]
[Black "Wang Yu"]
[Result "1/2-1/2"]
[WhiteElo "2433"]
[BlackElo "2357"]
[EventDate "2003.07.11"]
[PlyCount "93"]

1.e4 e5 2.Nf3 Nc6 3.Bb5 a6 4.Ba4 Nf6 5.O-O Be7 6.Re1 b5 7.Bb3 d6 8.c3 O-O 
9.h3 Na5 10.Bc2 c5 11.d4 Qc7 12.Nbd2 cxd4 13.cxd4 Bd7 14.Nf1 Rfc8 15.Ne3 
Nc6 16.a3 Nxd4 17.Nxd4 exd4 18.Qxd4 d5 19.e5 Bc5 20.Qf4 Re8 21.Nf5 Nh5 22.
Qf3 Bxf5 23.Bxf5 Rxe5 24.Bd2 g6 25.Bg4 Ng7 26.Rxe5 Qxe5 27.Bc3 Qd6 28.Rd1 
Rd8 29.Ba5 Bb6 30.Bxb6 Qxb6 31.Rxd5 h5 32.Bd7 Ne8 33.Re5 Nf6 34.Be6 Kg7 
35.Bb3 Qd6 36.Qc3 Rc8 37.Qxc8 Qxe5 38.Qb7 Qe1+ 39.Kh2 Qxf2 40.Qxf7+ Kh6 
41.Qf8+ Kg5 42.Qe7 Qf4+ 43.Kg1 Qc1+ 44.Kh2 Qf4+ 45.Kg1 Qc1+ 46.Kh2 Qf4+ 
47.Kg1 1/2-1/2

[Event "zonal 3.3 (w)"]
[Site "Yongchuan CHN"]
[Date "2003.07.18"]
[Round "7"]
[White "Ruan Lufei"]
[Black "Zhang Jilin"]
[Result "1-0"]
[WhiteElo "2307"]
[BlackElo "2300"]
[EventDate "2003.07.11"]
[PlyCount "67"]

1.e4 c5 2.Nf3 d6 3.d4 cxd4 4.Nxd4 Nf6 5.Nc3 a6 6.Be2 e5 7.Nb3 Be7 8.O-O 
O-O 9.Kh1 b6 10.f3 Bb7 11.Be3 Nc6 12.Qd2 Rc8 13.Rfd1 h6 14.Bf1 Qc7 15.Qf2 
b5 16.a4 b4 17.Bb6 Qb8 18.Nd5 Bd8 19.Bxd8 Nxd5 20.exd5 Nxd8 21.Rd2 Qc7 22.
a5 f5 23.Qb6 e4 24.Bxa6 e3 25.Bxb7 Qxb6 26.axb6 Nxb7 27.Re2 f4 28.g3 Nc5 
29.Nd4 Rb8 30.gxf4 Rxb6 31.f5 b3 32.c3 Nd3 33.Rxe3 Nxb2 34.Ra7 1-0

[Event "zonal 3.3 (w)"]
[Site "Yongchuan CHN"]
[Date "2003.07.18"]
[Round "7"]
[White "Shen Yang"]
[Black "Huang Qian"]
[Result "1/2-1/2"]
[WhiteElo "2113"]
[BlackElo "2313"]
[EventDate "2003.07.11"]
[PlyCount "87"]

1.e4 c5 2.Nf3 d6 3.d4 cxd4 4.Nxd4 Nf6 5.Nc3 a6 6.Be2 e5 7.Nb3 Be7 8.O-O 
O-O 9.Kh1 Be6 10.Be3 b5 11.Nd5 Bxd5 12.exd5 Nbd7 13.a4 b4 14.c4 Nc5 15.
Nxc5 dxc5 16.f4 exf4 17.Bxf4 Bd6 18.Bg5 Be5 19.Bd3 Qd6 20.Rf2 Bd4 21.Bf4 
Qd7 22.Rd2 Ng4 23.Qf3 Rae8 24.Qg3 f5 25.Rf1 g6 26.b3 Rf7 27.h3 Nf6 28.Re2 
Nh5 29.Qf3 Nxf4 30.Qxf4 Rxe2 31.Bxe2 Re7 32.Bf3 Be5 33.Qd2 Bc7 34.g4 Bd6 
35.Re1 Rxe1+ 36.Qxe1 a5 37.Kg2 Kg7 38.Qe3 Qf7 39.gxf5 Qxf5 40.Bg4 Qc2+ 41.
Be2 Qf5 42.Bg4 Qf6 43.Be2 Qf5 44.Bg4 1/2-1/2

[Event "zonal 3.3 (w)"]
[Site "Yongchuan CHN"]
[Date "2003.07.19"]
[Round "8"]
[White "Gu Xiaobing"]
[Black "Xu Yuanyuan"]
[Result "0-1"]
[WhiteElo "2346"]
[BlackElo "2347"]
[EventDate "2003.07.11"]
[PlyCount "64"]

1.e4 c6 2.d4 d5 3.Nc3 dxe4 4.Nxe4 Bf5 5.Ng3 Bg6 6.h4 h6 7.Nf3 e6 8.Ne5 Bh7
9.Bd3 Bxd3 10.Qxd3 Nd7 11.f4 Bb4+ 12.c3 Be7 13.Bd2 Ngf6 14.O-O-O O-O 15.c4
Qc7 16.Bc3 b5 17.cxb5 cxb5 18.Qxb5 Rab8 19.Qc6 Qd8 20.Nxd7 Nxd7 21.d5 Rc8 
22.Qb5 Rc5 23.Qb3 exd5 24.Rxd5 Qc7 25.Rxc5 Bxc5 26.Kb1 Qxf4 27.Bxg7 Rb8 
28.Qd3 Ne5 29.Qf5 Qxg3 30.Qxe5 Qg6+ 31.Ka1 Bd6 32.Qf6 Qxg7 0-1

[Event "zonal 3.3 (w)"]
[Site "Yongchuan CHN"]
[Date "2003.07.19"]
[Round "8"]
[White "Huang Qian"]
[Black "Zhang Jilin"]
[Result "1-0"]
[WhiteElo "2313"]
[BlackElo "2300"]
[EventDate "2003.07.11"]
[PlyCount "117"]

1.d4 Nf6 2.Nf3 g6 3.Bf4 Bg7 4.e3 d6 5.Nbd2 O-O 6.Bd3 b6 7.O-O Bb7 8.Qe2 a5
9.c3 Nbd7 10.e4 Nh5 11.Be3 e5 12.dxe5 Nxe5 13.Nxe5 dxe5 14.Rad1 Qe7 15.
Rfe1 Rad8 16.Ba6 Bxa6 17.Qxa6 Rd7 18.Nf3 Nf4 19.Bxf4 exf4 20.Qc4 Rxd1 21.
Rxd1 Rd8 22.Rxd8+ Qxd8 23.h3 Qd6 24.a4 h6 25.Qb5 Kh7 26.Qc4 Kg8 27.Kh2 Bf8
28.Qd4 Qxd4 29.cxd4 Bb4 30.Kg1 Kf8 31.Kf1 Ke7 32.Ke2 Ke6 33.Kd3 g5 34.Kc4 
f6 35.d5+ Kd7 36.e5 fxe5 37.Nxe5+ Ke8 38.Kb5 Bd6 39.Ng4 h5 40.Nf6+ Kd8 41.
Ne4 Be5 42.b3 g4 43.hxg4 f3 44.gxf3 h4 45.Ng5 Kd7 46.Nh3 Kd6 47.Kc4 Bb2 
48.f4 Ba1 49.g5 Bb2 50.f3 Ba1 51.Nf2 Bb2 52.Ne4+ Ke7 53.Kd3 Bc1 54.Nf2 
Bxf4 55.Nh3 Bc1 56.Ke4 Kf7 57.Kf5 Bd2 58.f4 Be1 59.Kg4 1-0

[Event "zonal 3.3 (w)"]
[Site "Yongchuan CHN"]
[Date "2003.07.19"]
[Round "8"]
[White "Shen Yang"]
[Black "Zhao Xue"]
[Result "0-1"]
[WhiteElo "2113"]
[BlackElo "2467"]
[EventDate "2003.07.11"]
[PlyCount "114"]

1.e4 c5 2.Nf3 d6 3.d4 cxd4 4.Nxd4 Nf6 5.Nc3 a6 6.Be2 e6 7.O-O Be7 8.f4 O-O
9.Be3 Qc7 10.a4 Nc6 11.Kh1 Re8 12.Bd3 Nxd4 13.Bxd4 e5 14.Be3 exf4 15.Rxf4 
Be6 16.Nd5 Bxd5 17.exd5 h6 18.Qf3 Nd7 19.Bd4 Bf6 20.Bxf6 Nxf6 21.Rxf6 gxf6
22.Qf5 Qd8 23.Rf1 Re5 24.Qh7+ Kf8 25.Qxh6+ Ke8 26.Qg7 Rg5 27.Qh8+ Kd7 28.
Bf5+ Kc7 29.Qh4 Kb8 30.Qb4 Qe7 31.g4 a5 32.Qd2 Rg8 33.Re1 Qd8 34.Qe3 Rh8 
35.Kg2 Ra6 36.b3 Qc7 37.Re2 Rb6 38.Kg3 Rb4 39.h4 Qd8 40.h5 Ka8 41.Kf3 Qg8 
42.Qe7 Qg5 43.Qxd6 Rxg4 44.Bxg4 f5 45.Qc5 fxg4+ 46.Kf2 g3+ 47.Kg2 Qxh5 48.
Qxa5+ Kb8 49.Qe1 Qh3+ 50.Kf3 g2+ 51.Kf4 Qh2+ 52.Kf5 Rh5+ 53.Kf6 Qf4+ 54.
Ke7 Qg5+ 55.Kxf7 Qxd5+ 56.Ke7 Qg5+ 57.Kf7 g1=Q 0-1

[Event "zonal 3.3 (w)"]
[Site "Yongchuan CHN"]
[Date "2003.07.19"]
[Round "8"]
[White "Wang Yu"]
[Black "Ruan Lufei"]
[Result "1-0"]
[WhiteElo "2357"]
[BlackElo "2307"]
[EventDate "2003.07.11"]
[PlyCount "79"]

1.e4 e5 2.Nf3 Nc6 3.d4 exd4 4.Nxd4 Nf6 5.Nxc6 bxc6 6.Bd3 d5 7.e5 Ne4 8.
Bxe4 dxe4 9.Qxd8+ Kxd8 10.Be3 Bf5 11.Nd2 Kd7 12.O-O-O Ke6 13.f4 f6 14.h3 
fxe5 15.g4 exf4 16.Bxf4 Bg6 17.Nxe4 Bxe4 18.Rhe1 Bd6 19.Rxe4+ Kd7 20.Red4 
g6 21.c4 Kc8 22.Bxd6 cxd6 23.Rxd6 Kc7 24.c5 Rae8 25.Rd7+ Kb8 26.R1d3 Re5 
27.b4 a5 28.a3 h5 29.Kb2 hxg4 30.hxg4 axb4 31.axb4 Re4 32.R7d4 Rxd4 33.
Rxd4 Rh2+ 34.Kb3 Rg2 35.Rd6 Rxg4 36.Rxc6 g5 37.Rg6 Kc7 38.Ka4 Rg1 39.Kb5 
g4 40.Rg7+ 1-0